Państwa/Rejony z najmniejszą populacją - Statystyki

Ogólne statystyki
  • Ten quiz został rozwiązany 38 razy
  • Średni wynik to 5 z 22
Statystyki odpowiedzi
Populacja Kraj % Poprawnych
1000 Watykan
96%
33 573 San Marino
71%
30 645 Monako
68%
38 244 Liechtenstein
46%
9642 Nauru
46%
11 052 Tuvalu
46%
21 431 Palau
43%
1618 Niue
11%
2931 Falklandy
7%
29 396 Gibraltar
7%
1337 Tokelau
7%
35 015 Brytyjskie Wyspy Dziewicze
4%
26 Georgia Południowa i Sandwich Południowy
4%
2210 Norfolk
4%
54 Pitcairn
4%
32 125 Saint-Martin
4%
596 Wyspy Kokosowe
4%
17 087 Anguilla
0%
5471 Montserrat
0%
15 714 Wallis i Futuna
0%
9290 Wsypy Cooka
0%
2205 Wyspa Bożego Narodzenia
0%
Nie znaleziono quizów pasujących do podanych kryteriów
Rozkład punktacji
Procent ludzi z każdym wynikiem
Percentyl według liczby udzielonych odpowiedzi
Twoja historia wyników
Nie rozwiązałeś tego quizu